The role of salesforce in the era of electronic commerce

Rola predávajúcich síl vo svete B2B - svete e-obchodu a internetu. Všeobecné tendencie vplyvu pre hnaciu silu predaja a jej postoj k princípom B2B obchodného sveta. Zameranie na "Generáciu Y".

Guardado en:
Detalles Bibliográficos
Autor principal: Sitášová, Jana
Formato: Capítulo de libro
Lenguaje:inglés
Materias:
Etiquetas: Agregar Etiqueta
Sin Etiquetas, Sea el primero en etiquetar este registro!

MARC

LEADER 00000nla a2200000 4500
001 0180673
005 20240502073102.8
041 0 |a eng 
044 |a SK 
245 1 0 |a The role of salesforce in the era of electronic commerce  |c Jana Sitášová 
520 |a Rola predávajúcich síl vo svete B2B - svete e-obchodu a internetu. Všeobecné tendencie vplyvu pre hnaciu silu predaja a jej postoj k princípom B2B obchodného sveta. Zameranie na "Generáciu Y". 
610 2 0 |a sila kúpna obyvateľstva 
610 2 0 |a obchod elektronický 
610 2 0 |a mládež 
610 2 0 |a internet 
100 1 |a Sitášová, Jana